000 00928nam a22002297a 4500
003 OSt
005 20250918102837.0
008 240829b ||||| |||| 00| 0 eng d
040 _c0
082 _aDPer 647.94068 In821 2022 v. 23 n. 1-4
100 _aAhn, Jiseon.
_eauthor.
_959403
245 _aThe impact of corporate social responsibility on behavioral intention :
_bcustomers' responses to two types of fit /
_cJiseon Ahn and Lu Shiwen.
260 _aUnited Kingdom ;
_bTaylor & Francis Group, LLC ,
_c2022.
300 _aVolume 23, pages 813-833 :
_billustration ;
_c26 cm.
500 _aInternational Journal of Hospitality & Tourism Administration, vol. 23, no. 4, pages 813-833, 2022.
650 0 _aCustomer-CSR fit.
_967760
650 0 _aBehavioral intention.
_967761
650 0 _aCongruence theory.
_967762
700 _aAhn, Jiseon.
_eauthor.
_959403
700 _aShiwen, Lu.
_eauthor.
_959404
942 _2ddc
_cPER
999 _c21045
_d21045